000 00785cam a22002537a 4500
003 CHAP
005 20220329133305.0
008 971013s1990 r 00010 d
010 _a4383
011 _a5355
035 _a4562
040 _cCHAP
090 _aFolleto 12625 v.18
110 _aVeracruz. Gobierno del Estado. Programa Estatal de Solidaridad
_9118823
245 0 _aCartilla de apoyo a la producción
_b: vainilla
260 _aVeracruz, Ver. :
_bGobierno del Estado de Veracruz,
_c1990
300 _a7 p.
_b: ilus.
590 _aBATCH-UPD
_b10
_c20130110
_lUCH01
_h2119
590 _aCONVERSION
_b10
_c20130109
_lUCH01
_h1304
650 1 4 _aVainilla
_xRendimiento.
_9117209
901 _aBK
942 _cFOLL
949 _aFolleto 12625 v.18
_bBC
_cFOLL
_d-14109
_eTS1
_i4562
_si
999 _c4383
_d4383